000 00571nam a2200205 a 4500
001 0001-1539
003 ELIB.Books
008 170523 2010 eng
020 _a0664255396
092 _a230.07 Cho
100 _aChopp, Rebecca S.
245 _aSaving Work
_bFeminist Practices of Theological Education
260 _aLouisville
_bWestminster John Knox Press
_c1995
300 _a132
_c22.7 cm
650 _aTheology- Study and Teaching
942 _2ddc
_cBK
990 _a1
998 _aEnglishbooks.elf
_ccat
_e2017-05-23
999 _c11539
_d11539